000 00357pam a2200121 a 4500
020 _c
041 _aeng
082 _a336.2
_bICA
100 _athe institute of chartered Accountants of india .
245 _adirect Tax Laws monule -1 Final course
_hTextual Documents
260 _a[s.l]:
_bthe institute of chartered Accountants of india
930 _a16191
999 _c93091
_d93091